01187nam a2200169Ia 4500001001300000003001000013008004100023040002500064041000700089100003300096245002800129250001100157260002600168300001200194500077000206650004100976b5952-40828 IT-MiCISF161014s9999||||xx |||||||||||||| ||und|| aIT-MiCISFcIT-MiCISF ait aMaccallini Belli Maria Paola 0aIl matrimonio nell'arte a1a ed. a MilanobAncorac2005 app. 233 aprefazione di Verdon T., postfazione di Blaquiere G. / matrimonio-sacramento, cultura / Attraverso diciassette opere di pittura - che vanno dal XIV al XX secolo - di noti autori, tra cui Giotto e Raffaello Sanzio, questo volume racconta la storia del matrimonio con i riti, gli abiti, le tradizioni, le feste che accompagnano le cerimonie nuziali. La scansione del volume prevede tre parti: la cerimonia nuziale, cortei e banchetti di nozze, la vita insieme. Ogni dipinto è riprodotto per intero e ripreso e commentato nei vari particolari. Una illuminante prefazione, curata dal noto esperto di arte sacra mons. Timothy Verdon, e un saggio finale su "La vita evangelica della coppia" della scrittrice francese Georgette Blaquière completano l'originale opera. a Temi di pastorale / matrimonioe012